Harry Potter commençant par S par images - Statistiques

Statistiques générales
  • Ce quiz a été pris 276 fois
  • Le résultat moyen est 14 sur 20
Statistiques - réponses
Par images Hint Réponse % Correct
Maison de Poudlard {Serpentard}
99%
Personnage {Sirius} Black
99%
Maison de Poudlard {Serdaigle}
94%
Objet magique Baguette de {Sureau}
91%
Insulte {Sang} {de} {bourbe}
90%
Créature {Sirène}
85%
Lieu {Salle} {commune} de Gryffondor
81%
Lieu {Salle} {sur} {demande}
79%
Personnage Horace {Slughorn}
74%
Arbre {Saule} {Cogneur}
74%
Personnage Rita {Skeeter}
72%
Personnage {Sibylle} Trelawney
68%
Balle au quidditch {Souafle}
67%
Matière scolaire {Soins} {aux} {créatures} {magiques}
61%
Créature {Sombral}
60%
Sort créant de profondes entailles {Sectumsempra}
55%
Créature {Sinistros}
54%
Sort de paralysie {Stupéfix}
45%
Créature {Strangulot}
33%
Incantation {Sortilèges}
17%
Aucun quiz correspondant
Distribution des résultats
% des personnes avec chaque résultat
Percentile par nombre de réponses
Votre historique - résultats
Vous n’avez pas pris ce quiz